100 Most Followed on Instagram 2016 - Statistics

General Stats
  • This quiz has been taken 855 times
  • The average score is 25 of 100
Answer Stats
# Followers Answer % Correct
6 88,133,233 Kim Kardashian West
82%
9 77,865,420 Justin Bieber
81%
2 103,412,043 Selena Gomez
78%
8 79,870,057 Kylie Jenner
72%
3 93,783,475 Taylor Swift
72%
7 82,664,115 Cristiano Ronaldo
71%
1 200,620,668 Instagram
68%
17 59,188,859 Khloe Kardashian
68%
22 49,489,984 Kourtney Kardashian
68%
12 69,124,615 Kendall Jenner
66%
16 59,951,048 Lionel Messi
65%
5 89,133,689 Beyoncė Knowles
64%
4 90,028,277 Ariana Grande
63%
53 18,258,519 Ronaldinho
62%
18 58,831,602 Katy Perry
58%
24 46,300,052 Rihanna
57%
75 15,634,521 Kris Jenner
51%
35 30,329,211 Drake
45%
10 71,362,383 Dwayne Johnson
45%
15 62,509,604 Neymar
44%
39 26,347,988 LeBron James
42%
11 69,327,718 Nicki Minaj
42%
19 56,265,029 Miley Cyrus
41%
48 19,818,349 Lady Gaga
40%
51 19,354,247 Harry Styles
35%
20 53,914,131 Jennifer Lopez
34%
29 37,053,473 Ellen DeGeneres
32%
40 25,788,059 Gigi Hadid
32%
81 14,788,069 Nicky Jam
32%
38 27,019,637 Shakira
32%
21 50,285,984 Demi Lovato
31%
28 38,696,342 Justin Timberlake
31%
34 30,974,394 David Beckham
30%
45 21,614,312 Adele
28%
63 16,778,428 Zayn Malik
28%
61 17,066,321 One Direction
27%
26 42,242,663 FC Barcelona
25%
27 40,593,983 Real Madrid C.F.
25%
89 14,239,665 Britney Spears
24%
55 17,945,380 Niall Horan
24%
25 44,972,273 Kevin Hart
23%
33 33,172,314 Chris Brown
22%
13 66,893,459 Nike
21%
42 24,347,340 Nike Football
21%
70 16,031,084 Shawn Mendes
21%
50 19,583,673 Emma Watson
20%
94 13,769,121 Laudya Chintya Bella
20%
92 13,910,571 Stephen Curry
19%
31 34,887,202 Zendaya
19%
57 17,805,586 Adidas Football
18%
73 15,845,994 Adidas Originals
18%
91 13,910,658 National Geographic Travel
18%
54 18,075,793 Luis Suárez
16%
83 14,712,495 Manchester United
16%
97 13,609,393 Snoop Dogg
16%
43 23,063,878 Zac Efron
16%
46 21,304,442 Zlatan Ibrahimović
15%
41 24,593,105 Gareth Bale
14%
49 19,653,434 NBA
14%
37 27,169,460 James Rodriguez
12%
59 17,548,116 NASA
12%
23 47,856,109 Victoria's Secret
12%
36 29,286,408 Vin Diesel
11%
95 13,681,555 Wiz Khalifa
11%
78 14,899,888 Andrés Iniesta
10%
30 35,549,714 Cara Delevigne
10%
14 64,218,398 National Geographic
9%
44 22,312,956 Vanessa Hudgens
9%
66 16,467,017 Chanel
8%
69 16,115,636 Karim Benzema
8%
32 34,286,802 9GAG
7%
86 14,367,318 Bella Thorne
7%
56 17,863,721 Maluma
7%
82 14,769,798 Zara
7%
64 16,701,408 Cameron Dallas
6%
90 13,911,042 Louis Vuitton
6%
67 16,267,391 Lucy Hale
6%
52 18,568,481 Scott Disick
6%
100 13,404,714 Vogue Magazine
6%
65 16,507,473 Zach King
6%
76 15,155,797 David Luiz
5%
80 14,770,267 Shay Mitchell
5%
68 16,163,600 Anitta
4%
47 19,941,953 Dan Bilzerian
4%
93 13,828,683 Floyd Mayweather, Jr.
4%
58 17,715,451 H&M
4%
99 13,424,155 J Balvin
4%
77 14,967,068 Ashley Benson
3%
87 14,336,641 Ciara
3%
72 15,856,796 Huda Beauty
3%
84 14,379,761 Raffi Ahmad/Nagita Slavina
2%
62 16,974,550 Ayu Ting Ting
1%
60 17,383,097 Bruna Marquezine
1%
96 13,650,138 Clips
1%
79 14,833,952 Instagram Brazil
1%
71 16,007,508 Marina Ruy Barbosa
1%
85 14,378,617 Repost App
1%
88 14,300,237 Marcelo Vieira
0%
98 13,477,093 Prilly Latuconsina
0%
74 15,818,643 Syahrini
0%
No matching quizzes found
Score Distribution
Percent of People with Each Score
Percentile by Number Answered
Your Score History
You have not taken this quiz